000
00254nam a2200097Ia 4500
008
200302s9999 xx 000 0 und d
100
_a
N. K. Gandhi
245
_a
Study of Town and Country Planning in India
260
_b
Honorary Secretary
300
_a
348 P.,
999
_c
5872
_d
5872